[Event "Open C"]
[Site "Polanica-Zdroj"]
[Date "2017.08.26"]
[Round "8.2"]
[White "Litner, Igor"]
[Black "Bakalarz, Leszek"]
[Result "1/2-1/2"]
[BlackElo "1972"]
[WhiteElo "1991"]
[LiveChessVersion "1.4.8"]

1. d4 {[%clk 1:10:28]} Nf6 {[%clk 1:30:51]} 2. Nf3 {[%clk 1:10:52]} c5
{[%clk 1:30:17]} 3. c3 {[%clk 1:11:15]} b6 {[%clk 1:27:27]} 4. Bf4
{[%clk 1:11:33]} Bb7 {[%clk 1:27:10]} 5. e3 {[%clk 1:11:57]} d6 {[%clk 1:11:42]}
6. Bd3 {[%clk 1:12:16]} Nbd7 {[%clk 1:08:02]} 7. h3 {[%clk 1:12:21]} Qc7
{[%clk 1:08:14]} 8. Bh2 {[%clk 1:10:39]} e5 {[%clk 1:08:27]} 9. Bc2
{[%clk 1:09:28]} Be7 {[%clk 0:59:10]} 10. O-O {[%clk 1:05:54]} O-O
{[%clk 0:58:18]} 11. Nbd2 {[%clk 1:06:02]} Rfe8 {[%clk 0:46:36]} 12. Rc1
{[%clk 1:03:55]} Bf8 {[%clk 0:44:05]} 13. b4 {[%clk 0:57:40]} Rac8
{[%clk 0:38:16]} 14. Bb3 {[%clk 0:55:28]} h6 {[%clk 0:37:46]} 15. a4
{[%clk 0:52:03]} g6 {[%clk 0:22:39]} 16. Qc2 {[%clk 0:50:25]} Kg7
{[%clk 0:23:04]} 17. Qa2 {[%clk 0:50:42]} cxb4 {[%clk 0:15:39]} 18. cxb4
{[%clk 0:49:42]} Qxc1 {[%clk 0:16:05]} 19. Rxc1 {[%clk 0:50:06]} Rxc1+
{[%clk 0:16:34]} 20. Nf1 {[%clk 0:50:21]} e4 {[%clk 0:09:30]} 21. Nh4
{[%clk 0:44:21]} d5 {[%clk 0:09:46]} 22. b5 {[%clk 0:44:35]} Rec8
{[%clk 0:07:19]} 23. g4 {[%clk 0:44:51]} Bb4 {[%clk 0:04:12]} 24. Kg2
{[%clk 0:44:47]} Kf8 {[%clk 0:03:13]} 25. Ng3 {[%clk 0:44:01]} Re1
{[%clk 0:01:31]} 26. Ne2 {[%clk 0:41:14]} a5 {[%clk 0:01:51]} 27. Bg3
{[%clk 0:39:32]} Re8 {[%clk 0:00:31]} 28. Kh2 {[%clk 0:39:44]} Re7
{[%clk 0:00:31]} 29. Ng2 {[%clk 0:38:11]} Rf1 {[%clk 0:00:57]} 30. Ngf4
{[%clk 0:38:11]} Re1 {[%clk 0:01:22]} 31. Kg2 {[%clk 0:34:05]} g5
{[%clk 0:01:25]} 32. Nh5 {[%clk 0:34:30]} Nxh5 {[%clk 0:01:49]} 33. gxh5
{[%clk 0:34:59]} Nf6 {[%clk 0:02:15]} 34. f4 {[%clk 0:33:50]} exf3+
{[%clk 0:02:39]} 35. Kxf3 {[%clk 0:34:18]} Rf1+ {[%clk 0:02:17]} 36. Kg2
{[%clk 0:32:48]} Rf5 {[%clk 0:02:45]} 37. Be5 {[%clk 0:32:48]} Ne4
{[%clk 0:02:17]} 38. Kg1 {[%clk 0:30:38]} f6 {[%clk 0:01:43]} 39. Bxd5 Bxd5
{[%clk 0:01:20]} 40. Qxd5 {[%clk 0:30:55]} Nd2 {[%clk 0:01:45]} 41. Qd8+
{[%clk 0:29:32]} Kg7 {[%clk 0:02:14]} 42. Qxb6 {[%clk 0:29:40]} Nf3+
{[%clk 0:02:09]} 43. Kh1 {[%clk 0:28:32]} Nxe5 {[%clk 0:01:20]} 44. dxe5
{[%clk 0:28:23]} Rfxe5 {[%clk 0:01:31]} 45. Nd4 {[%clk 0:28:40]} Bc5
{[%clk 0:01:26]} 46. Qxa5 {[%clk 0:28:31]} Bxd4 {[%clk 0:01:35]} 47. exd4
{[%clk 0:29:00]} Re1+ {[%clk 0:01:17]} 48. Kg2 {[%clk 0:29:26]} R7e2+
{[%clk 0:01:02]} 49. Kf3 {[%clk 0:29:49]} Re3+ {[%clk 0:01:17]} 50. Kf2
{[%clk 0:30:06]} R3e2+ {[%clk 0:01:40]} 51. Kf3 {[%clk 0:30:31]} Re3+
{[%clk 0:01:11]} 52. Kf2 {[%clk 0:30:56]} R3e2+ {[%clk 0:01:12]} 1/2-1/2

[Event "Open C"]
[Site "Polanica-Zdroj"]
[Date "2017.08.26"]
[Round "8.3"]
[White "Slomczewski, Michal"]
[Black "Budnik, Mateusz"]
[Result "1-0"]
[BlackElo "1987"]
[WhiteElo "1956"]
[LiveChessVersion "1.4.8"]

1. c4 {[%clk 1:30:58]} Nf6 {[%clk 1:25:07]} 2. Nc3 {[%clk 1:30:55]} g6
{[%clk 1:25:13]} 3. Nf3 {[%clk 1:30:46]} c5 {[%clk 1:25:16]} 4. e4
{[%clk 1:25:42]} d6 {[%clk 1:25:22]} 5. d4 {[%clk 1:25:56]} cxd4 {[%clk 1:25:28]}
6. Nxd4 {[%clk 1:26:18]} Bg7 {[%clk 1:25:37]} 7. Be2 {[%clk 1:26:12]} Nc6
{[%clk 1:25:18]} 8. Be3 {[%clk 1:24:26]} Bd7 {[%clk 1:24:40]} 9. Rc1
{[%clk 1:22:52]} O-O {[%clk 1:24:07]} 10. O-O {[%clk 1:22:47]} Re8
{[%clk 1:21:56]} 11. f3 {[%clk 1:17:50]} a6 {[%clk 1:19:04]} 12. Qd2
{[%clk 1:16:49]} Rb8 {[%clk 1:14:54]} 13. Rfd1 {[%clk 1:10:21]} Qa5
{[%clk 1:12:51]} 14. a3 {[%clk 1:07:31]} Nxd4 {[%clk 1:11:43]} 15. Bxd4
{[%clk 1:07:26]} Be6 {[%clk 1:11:13]} 16. b4 {[%clk 1:01:14]} Qc7
{[%clk 1:11:06]} 17. Nd5 {[%clk 0:48:04]} Bxd5 {[%clk 1:11:12]} 18. cxd5
{[%clk 0:48:23]} Qd7 {[%clk 1:10:04]} 19. b5 {[%clk 0:39:21]} axb5
{[%clk 1:08:07]} 20. Bb6 {[%clk 0:31:29]} Rec8 {[%clk 1:03:53]} 21. Rb1
{[%clk 0:30:21]} Qe8 {[%clk 1:00:17]} 22. Bxb5 {[%clk 0:30:38]} Qf8
{[%clk 1:00:44]} 23. Rb3 {[%clk 0:21:52]} Bh6 {[%clk 0:59:27]} 24. Qe2
{[%clk 0:21:15]} Bg7 {[%clk 0:51:14]} 25. a4 {[%clk 0:20:11]} Nh5
{[%clk 0:49:43]} 26. g3 {[%clk 0:14:31]} Ra8 {[%clk 0:46:20]} 27. Qd3
{[%clk 0:13:47]} Nf6 {[%clk 0:42:13]} 28. a5 {[%clk 0:13:22]} h5 {[%clk 0:41:43]}
29. Re1 {[%clk 0:07:24]} Bh6 {[%clk 0:40:46]} 30. f4 {[%clk 0:07:35]} h4
{[%clk 0:37:59]} 31. e5 {[%clk 0:03:55]} dxe5 {[%clk 0:35:36]} 32. fxe5
{[%clk 0:04:24]} Ne8 {[%clk 0:34:46]} 33. Rbb1 {[%clk 0:03:24]} hxg3
{[%clk 0:34:29]} 34. hxg3 {[%clk 0:03:45]} Qg7 {[%clk 0:31:54]} 35. Bd7
{[%clk 0:03:33]} Rcb8 {[%clk 0:31:48]} 36. Rbd1 {[%clk 0:03:00]} Bg5
{[%clk 0:30:07]} 37. d6 {[%clk 0:02:26]} exd6 38. exd6 {[%clk 0:02:54]} Nf6
{[%clk 0:29:24]} 39. Bb5 {[%clk 0:03:06]} Ng4 {[%clk 0:29:25]} 40. d7
{[%clk 0:02:05]} Qh6 {[%clk 0:26:48]} 41. Re2 {[%clk 0:02:10]} Bd8
{[%clk 0:22:42]} 42. Qf3 {[%clk 0:00:40]} Bxb6+ {[%clk 0:20:35]} 43. axb6
{[%clk 0:01:08]} Qg5 {[%clk 0:20:42]} 44. Rd5 {[%clk 0:00:33]} Qc1+
{[%clk 0:18:52]} 45. Kg2 {[%clk 0:00:47]} Ra1 {[%clk 0:16:02]} 46. Rd1
{[%clk 0:00:32]} Qh6 {[%clk 0:14:52]} 47. Rxa1 {[%clk 0:00:33]} Qh2+
{[%clk 0:15:05]} 48. Kf1 {[%clk 0:01:00]} Qh3+ {[%clk 0:15:15]} 49. Ke1
{[%clk 0:00:32]} Qh5 {[%clk 0:14:18]} 50. Bc4 {[%clk 0:00:32]} Rf8
{[%clk 0:14:00]} 51. Bxf7+ {[%clk 0:00:35]} Kh7 {[%clk 0:13:52]} 52. Bxg6+
{[%clk 0:00:36]} Kxg6 {[%clk 0:14:10]} 53. Qxf8 {[%clk 0:00:37]} Qh1+
{[%clk 0:14:31]} 54. Qf1 {[%clk 0:00:55]} Qd5 {[%clk 0:14:55]} 55. Qf4
{[%clk 0:00:39]} Qh1+ {[%clk 0:15:05]} 56. Kd2 {[%clk 0:00:45]} Qd5+
{[%clk 0:15:29]} 57. Kc3 {[%clk 0:00:50]} Qc6+ {[%clk 0:15:49]} 58. Qc4
{[%clk 0:00:57]} Qf6+ {[%clk 0:16:03]} 59. Kc2 {[%clk 0:01:05]} Ne5
{[%clk 0:16:15]} 60. Qe4+ {[%clk 0:01:21]} 1-0

[Event "Open C"]
[Site "Polanica-Zdroj"]
[Date "2017.08.26"]
[Round "8.4"]
[White "Mike, Patryk"]
[Black "Szczesniak, Andrzej"]
[Result "1-0"]
[BlackElo "1970"]
[WhiteElo "1864"]
[LiveChessVersion "1.4.8"]

1. e4 {[%clk 1:30:57]} e6 {[%clk 1:27:31]} 2. d4 {[%clk 1:26:56]} d5
{[%clk 1:24:58]} 3. e5 {[%clk 1:27:00]} c5 {[%clk 1:22:10]} 4. c3
{[%clk 1:26:22]} Qb6 {[%clk 1:22:26]} 5. a3 {[%clk 1:25:03]} a5 {[%clk 1:19:06]}
6. b3 {[%clk 1:20:01]} Nc6 {[%clk 1:14:34]} 7. Nf3 {[%clk 1:17:41]} Bd7
{[%clk 1:14:41]} 8. Be3 {[%clk 1:08:57]} cxd4 {[%clk 1:07:13]} 9. cxd4
{[%clk 1:05:08]} Nh6 {[%clk 1:06:40]} 10. Bd3 {[%clk 0:57:00]} Ng4
{[%clk 1:02:57]} 11. O-O {[%clk 0:55:26]} Nxe3 {[%clk 1:00:45]} 12. fxe3
{[%clk 0:55:41]} Be7 {[%clk 1:00:56]} 13. Nc3 {[%clk 0:48:44]} Rc8
{[%clk 0:53:24]} 14. Na4 {[%clk 0:46:42]} Qc7 {[%clk 0:53:07]} 15. Qb1
{[%clk 0:42:57]} h6 {[%clk 0:40:31]} 16. Rc1 {[%clk 0:40:59]} O-O
{[%clk 0:40:13]} 17. Nc5 {[%clk 0:35:58]} f6 {[%clk 0:33:26]} 18. Bb5
{[%clk 0:31:15]} f5 {[%clk 0:28:07]} 19. b4 {[%clk 0:23:53]} axb4
{[%clk 0:23:53]} 20. axb4 {[%clk 0:23:08]} f4 {[%clk 0:21:03]} 21. e4
{[%clk 0:20:17]} Bxc5 {[%clk 0:19:38]} 22. Rxc5 {[%clk 0:18:03]} dxe4
{[%clk 0:17:40]} 23. Qxe4 {[%clk 0:18:17]} Qb6 {[%clk 0:17:48]} 24. Nd2
{[%clk 0:17:13]} Nxe5 {[%clk 0:15:47]} 25. Nc4 {[%clk 0:15:21]} Nxc4
{[%clk 0:15:34]} 26. Bxd7 {[%clk 0:15:29]} Rxc5 {[%clk 0:11:26]} 27. dxc5
{[%clk 0:13:38]} Qxb4 {[%clk 0:11:31]} 28. Bxe6+ {[%clk 0:13:41]} Kh8
{[%clk 0:11:28]} 29. Qxc4 {[%clk 0:13:49]} Qd2 {[%clk 0:11:11]} 30. Bd5
{[%clk 0:13:06]} Qe3+ {[%clk 0:10:23]} 31. Kh1 {[%clk 0:12:16]} f3
{[%clk 0:05:55]} 32. gxf3 {[%clk 0:09:36]} Rf4 {[%clk 0:04:20]} 33. Ra8+
{[%clk 0:09:18]} Kh7 {[%clk 0:04:44]} 34. Be4+ 1-0

[Event "Open C"]
[Site "Polanica-Zdroj"]
[Date "2017.08.26"]
[Round "8.5"]
[White "Cap, Piotr"]
[Black "Zminda, Bogdan"]
[Result "0-1"]
[BlackElo "1957"]
[WhiteElo "1793"]
[LiveChessVersion "1.4.8"]

1. d4 {[%clk 1:30:58]} Nf6 {[%clk 1:29:57]} 2. c4 {[%clk 1:31:09]} g6
{[%clk 1:28:21]} 3. Nf3 {[%clk 1:31:27]} Bg7 {[%clk 1:28:48]} 4. g3
{[%clk 1:31:37]} O-O {[%clk 1:28:54]} 5. Bg2 {[%clk 1:31:54]} d6 {[%clk 1:29:18]}
6. O-O {[%clk 1:32:09]} c5 {[%clk 1:29:35]} 7. d5 {[%clk 1:30:40]} Bf5
{[%clk 1:21:47]} 8. Nh4 {[%clk 1:24:05]} Bd7 {[%clk 1:18:34]} 9. Nc3
{[%clk 1:21:36]} Na6 {[%clk 1:18:34]} 10. h3 {[%clk 1:19:14]} Nc7
{[%clk 1:18:48]} 11. a4 {[%clk 1:19:13]} b6 {[%clk 1:18:31]} 12. e4
{[%clk 1:17:27]} a6 {[%clk 1:18:54]} 13. Nf3 {[%clk 1:15:10]} b5 {[%clk 1:19:01]}
14. axb5 {[%clk 1:15:11]} axb5 {[%clk 1:19:29]} 15. Rxa8 {[%clk 1:15:06]} Qxa8
{[%clk 1:19:58]} 16. e5 {[%clk 1:13:02]} Nfe8 {[%clk 1:18:34]} 17. e6
{[%clk 1:06:25]} fxe6 {[%clk 1:14:01]} 18. dxe6 {[%clk 1:06:23]} Bc6
{[%clk 1:14:08]} 19. Nh4 {[%clk 1:02:46]} bxc4 {[%clk 1:13:44]} 20. Kh2
{[%clk 0:58:12]} Bf6 {[%clk 1:13:30]} 21. Bxc6 {[%clk 0:57:50]} Qxc6
{[%clk 1:13:58]} 22. Ng2 {[%clk 0:57:46]} d5 {[%clk 1:10:55]} 23. Nf4
{[%clk 0:48:58]} d4 {[%clk 1:10:56]} 24. Na4 {[%clk 0:48:07]} Ng7
{[%clk 1:10:11]} 25. Qc2 {[%clk 0:47:01]} Ra8 {[%clk 1:10:20]} 26. b3
{[%clk 0:40:15]} cxb3 {[%clk 1:08:04]} 27. Qxc5 {[%clk 0:37:55]} Qxa4
{[%clk 1:08:14]} 28. Qxc7 {[%clk 0:37:49]} Qb5 {[%clk 1:08:39]} 29. Nd3
{[%clk 0:25:06]} Qxd3 {[%clk 1:08:50]} 0-1

[Event "Open C"]
[Site "Polanica-Zdroj"]
[Date "2017.08.26"]
[Round "8.6"]
[White "Gromczak, Dariusz"]
[Black "Mastalarz, Jozef"]
[Result "*"]
[BlackElo "1737"]
[WhiteElo "1979"]
[LiveChessVersion "1.4.8"]

1. e4 {[%clk 1:30:57]} c5 {[%clk 1:30:57]} 2. Nc3 {[%clk 1:31:02]} d6
{[%clk 1:31:22]} 3. f4 {[%clk 1:30:36]} g6 {[%clk 1:31:09]} 4. Nf3
{[%clk 1:30:33]} Bg7 {[%clk 1:31:33]} 5. Bc4 {[%clk 1:25:42]} Nc6
{[%clk 1:31:44]} 6. O-O {[%clk 1:25:32]} e6 {[%clk 1:32:01]} 7. d3
{[%clk 1:24:58]} Nge7 {[%clk 1:32:24]} 8. Qe1 {[%clk 1:22:55]} O-O
{[%clk 1:32:48]} 9. f5 {[%clk 1:16:33]} gxf5 {[%clk 1:33:12]} 10. Qh4
{[%clk 1:15:10]} fxe4 {[%clk 1:33:28]} 11. dxe4 {[%clk 1:14:03]} Ng6
{[%clk 1:33:36]} 12. Qh5 {[%clk 1:12:57]} Qe7 {[%clk 1:33:37]} 13. Ng5
{[%clk 0:51:12]} Bd4+ {[%clk 1:31:01]} 14. Kh1 {[%clk 0:50:49]} f6
{[%clk 1:31:28]} 15. Nf3 {[%clk 0:39:32]} Bxc3 {[%clk 1:28:20]} 16. bxc3
{[%clk 0:39:31]} Nce5 {[%clk 1:21:56]} 17. Nxe5 {[%clk 0:39:38]} Nxe5
{[%clk 1:20:35]} 18. Be2 {[%clk 0:39:19]} Qf7 {[%clk 0:48:16]} 19. Bh6
{[%clk 0:38:43]} Bd7 {[%clk 0:30:32]} 20. Bxf8 {[%clk 0:37:49]} Rxf8
{[%clk 0:29:40]} 21. Rad1 {[%clk 0:33:32]} Qe7 {[%clk 0:29:38]} 22. Rf4
{[%clk 0:28:02]} Ba4 {[%clk 0:28:08]} 23. Rd2 {[%clk 0:27:42]} Rf7
{[%clk 0:25:53]} 24. Rf1 {[%clk 0:25:20]} Rf8 {[%clk 0:24:51]} 25. Rfd1
{[%clk 0:24:56]} Rd8 {[%clk 0:25:10]} 26. Qh3 {[%clk 0:24:37]} Be8
{[%clk 0:22:16]} 27. Bg4 {[%clk 0:20:18]} Bf7 {[%clk 0:22:08]} 28. Bh5
{[%clk 0:20:14]} Bxh5 {[%clk 0:21:58]} 29. Qxh5 {[%clk 0:20:42]} Kg7
{[%clk 0:18:23]} 30. Qh4 {[%clk 0:19:01]} b6 {[%clk 0:18:16]} 31. Qg3+
{[%clk 0:19:11]} Kh8 {[%clk 0:18:20]} 32. Qf4 {[%clk 0:18:19]} Kg7
{[%clk 0:18:29]} 33. Rf2 {[%clk 0:17:31]} Rf8 {[%clk 0:18:28]} 34. Qg3+
{[%clk 0:17:31]} Kh8 {[%clk 0:18:50]} 35. Qf4 {[%clk 0:16:36]} Kg7
{[%clk 0:18:36]} 36. g4 {[%clk 0:16:17]} h6 {[%clk 0:17:05]} 37. Rg2
{[%clk 0:11:42]} Kh7 {[%clk 0:13:45]} 38. Rg3 {[%clk 0:10:04]} Rg8
{[%clk 0:12:58]} 39. Rh3 {[%clk 0:07:15]} Rg6 {[%clk 0:11:15]} 40. Rg3
{[%clk 0:07:11]} a5 {[%clk 0:08:54]} 41. h3 {[%clk 0:07:00]} b5 {[%clk 0:08:29]}
42. Rb1 {[%clk 0:06:01]} Qd7 {[%clk 0:07:10]} 43. Rf1 {[%clk 0:04:15]} Qe7
{[%clk 0:06:12]} 44. Rg2 {[%clk 0:03:52]} Qb7 {[%clk 0:05:49]} 45. Rd2
{[%clk 0:03:46]} Qc7 {[%clk 0:04:50]} 46. Rfd1 {[%clk 0:03:42]} Nc4
{[%clk 0:03:48]} 47. Rxd6 {[%clk 0:03:54]} Nxd6 {[%clk 0:04:01]} 48. Qxd6
{[%clk 0:04:21]} Qxd6 {[%clk 0:04:01]} 49. Rxd6 {[%clk 0:04:49]} f5
{[%clk 0:02:22]} 50. exf5 {[%clk 0:02:53]} exf5 {[%clk 0:02:46]} 51. Rd5
{[%clk 0:03:06]} fxg4 {[%clk 0:02:50]} 52. Rxc5 {[%clk 0:03:23]} gxh3
{[%clk 0:02:41]} 53. Rxb5 {[%clk 0:03:06]} Rg2 {[%clk 0:00:52]} 54. Rb2
{[%clk 0:02:24]} Rg3 {[%clk 0:01:17]} 55. Rb7+ {[%clk 0:01:55]} Kg8
{[%clk 0:01:36]} 56. Rb3 {[%clk 0:01:35]} Rg2 {[%clk 0:01:58]} 57. Rb2
{[%clk 0:01:04]} Rg3 {[%clk 0:02:19]} 58. c4 {[%clk 0:01:25]} Rc3
{[%clk 0:02:35]} 59. Kh2 {[%clk 0:01:53]} Rxc4 {[%clk 0:02:30]} 60. Kxh3
{[%clk 0:02:19]} Kf7 {[%clk 0:02:46]} 61. Kg3 {[%clk 0:01:32]} Ke7
{[%clk 0:02:47]} 62. Kf3 {[%clk 0:01:27]} Kd6 {[%clk 0:02:50]} 63. Ke3
{[%clk 0:00:50]} *

[Event "Open C"]
[Site "Polanica-Zdroj"]
[Date "2017.08.26"]
[Round "8.7"]
[White "Twardowski, Hubert"]
[Black "Czuchnicki, Adam"]
[Result "1-0"]
[BlackElo "1991"]
[WhiteElo "1608"]
[LiveChessVersion "1.4.8"]

1. e4 {[%clk 1:30:58]} c5 {[%clk 1:28:56]} 2. Nf3 {[%clk 1:31:22]} d6
{[%clk 1:29:19]} 3. d4 {[%clk 1:31:00]} cxd4 {[%clk 1:29:42]} 4. Qxd4
{[%clk 1:30:17]} Nc6 {[%clk 1:28:26]} 5. Bb5 {[%clk 1:30:11]} Bd7
{[%clk 1:28:52]} 6. Bxc6 {[%clk 1:30:31]} Bxc6 {[%clk 1:29:20]} 7. Nc3
{[%clk 1:29:33]} Nf6 {[%clk 1:29:36]} 8. Bg5 {[%clk 1:28:12]} e6 {[%clk 1:28:36]}
9. O-O-O {[%clk 1:25:48]} Be7 {[%clk 1:28:26]} 10. Rhe1 {[%clk 1:22:12]} Qa5
{[%clk 1:21:56]} 11. Kb1 {[%clk 1:22:04]} O-O {[%clk 1:20:22]} 12. Qd2
{[%clk 1:14:41]} Kh8 {[%clk 1:08:34]} 13. Nd4 {[%clk 0:57:47]} Rac8
{[%clk 1:03:16]} 14. f3 {[%clk 0:38:13]} Rfd8 {[%clk 1:01:04]} 15. h4
{[%clk 0:32:48]} a6 {[%clk 0:56:08]} 16. h5 {[%clk 0:23:51]} Be8 {[%clk 0:54:35]}
17. h6 {[%clk 0:22:35]} g6 {[%clk 0:54:02]} 18. f4 {[%clk 0:18:25]} e5
{[%clk 0:44:18]} 19. Nb3 {[%clk 0:18:04]} Qb4 {[%clk 0:43:23]} 20. a3
{[%clk 0:09:45]} Qc4 {[%clk 0:42:48]} 21. Bxf6+ {[%clk 0:09:13]} Bxf6
{[%clk 0:43:14]} 22. Nd5 {[%clk 0:09:00]} Bh4 {[%clk 0:42:49]} 23. Rh1
{[%clk 0:07:36]} Bg3 {[%clk 0:39:53]} 24. f5 {[%clk 0:07:15]} Qxe4
{[%clk 0:36:02]} 25. Qg5 {[%clk 0:05:44]} Qxf5 {[%clk 0:32:04]} 26. Qxg3
{[%clk 0:01:46]} Qxc2+ {[%clk 0:29:47]} 27. Ka2 {[%clk 0:02:10]} Ba4
{[%clk 0:29:00]} 28. Rd3 {[%clk 0:01:13]} e4 {[%clk 0:26:33]} 29. Qg5
{[%clk 0:00:58]} Qf2 {[%clk 0:25:43]} 30. Nf4 {[%clk 0:00:55]} Bxb3+
{[%clk 0:24:51]} 31. Kxb3 {[%clk 0:01:04]} Qc2+ {[%clk 0:25:00]} 32. Ka2
{[%clk 0:01:06]} Qc4+ {[%clk 0:20:32]} 33. Ka1 {[%clk 0:01:24]} Qe6
{[%clk 0:20:44]} 34. Nxe6 {[%clk 0:01:47]} 1-0

[Event "Open C"]
[Site "Polanica-Zdroj"]
[Date "2017.08.26"]
[Round "8.9"]
[White "Dzieczkaniec, Piotr"]
[Black "Butyrowski, Marcel"]
[Result "0-1"]
[BlackElo "1830"]
[WhiteElo "1856"]
[LiveChessVersion "1.4.8"]

1. c4 Nf6 2. Nc3 e6 3. g3 d5 4. Bg2 Be7 5. Nf3 O-O 6. O-O c5 7. cxd5 Nxd5 8. d4
Nc6 9. e4 Nxc3 10. bxc3 b6 11. Be3 Bb7 12. Qd3 cxd4 13. cxd4 Nb4 14. Qb1 Rc8 15.
Rc1 Rxc1+ 16. Bxc1 Ba6 17. Ba3 Nc6 18. Bxe7 Qxe7 19. Qd1 Rd8 20. Qa4 Bb7 21. Rd1
Qb4 22. Qxb4 Nxb4 23. Ne5 f6 24. Ng4 Nxa2 25. Ra1 Nc3 26. Rxa7 Bxe4 27. Bxe4 Nxe4
28. Re7 Rxd4 29. Rxe6 Nc5 30. Nxf6+ gxf6 31. Rxb6 Kg7 32. Kg2 Rd3 33. Rb4 h5 34.
Rc4 Ne6 35. h4 Kg6 36. Ra4 Nd4 37. Ra8 Ne6 38. Rg8+ Kf5 39. Rh8 Ng7 40. Rg8 Rd7
41. Kf3 Re7 42. Rh8 Re8 43. Rxe8 Nxe8 44. Kg2 Ke4 45. f3+ Ke3 46. g4 hxg4 47.
fxg4 Kf4 48. h5 Kxg4 49. h6 Nd6 50. h7 Nf7 51. Kf2 Kf4 52. Ke2 Kg3 53. Ke3 f5 54.
Kd4 f4 55. Kd5 f3 56. Ke6 Nh8 57. Kf6 f2 58. Kg7 f1=Q 59. Kxh8 Qf8# 0-1

[Event "Open C"]
[Site "Polanica-Zdroj"]
[Date "2017.08.26"]
[Round "8.10"]
[White "Banasik, Henryk"]
[Black "Wasylkiewicz, Andrzej"]
[Result "0-1"]
[BlackElo "1783"]
[WhiteElo "1833"]
[LiveChessVersion "1.4.8"]

1. e4 {[%clk 1:12:11]} d5 {[%clk 1:30:24]} 2. exd5 {[%clk 1:12:31]} Nf6
{[%clk 1:30:12]} 3. d4 {[%clk 1:12:44]} Bg4 {[%clk 1:25:44]} 4. Nf3
{[%clk 1:05:08]} Qxd5 {[%clk 1:24:42]} 5. Be2 {[%clk 1:05:27]} e6
{[%clk 1:23:20]} 6. h3 {[%clk 1:01:51]} Bh5 {[%clk 1:21:38]} 7. O-O
{[%clk 1:01:59]} Nc6 {[%clk 1:20:32]} 8. c4 {[%clk 1:00:55]} Qd6 {[%clk 1:17:13]}
9. Nc3 {[%clk 0:39:55]} a6 {[%clk 1:07:11]} 10. Be3 {[%clk 0:21:08]} Be7
{[%clk 1:05:30]} 11. d5 {[%clk 0:10:08]} exd5 {[%clk 1:03:48]} 12. Nxd5
{[%clk 0:07:37]} Nxd5 {[%clk 1:01:19]} 13. cxd5 {[%clk 0:08:01]} Bxf3
{[%clk 0:59:28]} 14. Bxf3 {[%clk 0:08:10]} Ne5 {[%clk 0:58:59]} 15. Rc1
{[%clk 0:04:51]} O-O {[%clk 0:53:48]} 16. Be2 {[%clk 0:02:12]} Rac8
{[%clk 0:50:49]} 17. Qb3 {[%clk 0:01:55]} b5 {[%clk 0:47:56]} 18. f4
{[%clk 0:01:21]} Nd7 {[%clk 0:46:35]} 19. Rc6 {[%clk 0:00:43]} Qb4
{[%clk 0:44:16]} 20. Qxb4 {[%clk 0:00:34]} Bxb4 {[%clk 0:44:42]} 21. Rxa6
{[%clk 0:01:02]} Rb8 {[%clk 0:42:55]} 22. Rc1 {[%clk 0:01:19]} Bd6
{[%clk 0:42:59]} 23. g3 {[%clk 0:00:38]} Rfe8 {[%clk 0:39:10]} 24. Kf2
{[%clk 0:01:07]} b4 {[%clk 0:34:15]} 25. b3 {[%clk 0:01:31]} Ra8 {[%clk 0:31:54]}
26. Rxa8 {[%clk 0:01:12]} Rxa8 {[%clk 0:32:16]} 27. Rc2 {[%clk 0:01:18]} Ra5 28.
Bf3 {[%clk 0:01:00]} f5 {[%clk 0:29:16]} 29. g4 {[%clk 0:01:07]} fxg4
{[%clk 0:26:31]} 30. hxg4 {[%clk 0:01:33]} Kf7 {[%clk 0:25:17]} 31. g5
{[%clk 0:01:30]} g6 {[%clk 0:19:51]} 32. Kg3 {[%clk 0:01:55]} Ke7
{[%clk 0:19:31]} 33. Rh2 {[%clk 0:01:49]} Nf8 {[%clk 0:19:17]} 34. Bd4
{[%clk 0:01:11]} Kf7 {[%clk 0:18:27]} 35. Kg4 {[%clk 0:01:23]} Ra8
{[%clk 0:17:18]} 36. Be5 {[%clk 0:01:25]} Ke7 {[%clk 0:12:52]} 37. Be4
{[%clk 0:00:39]} Ra5 {[%clk 0:10:57]} 38. Rc2 {[%clk 0:00:40]} Nd7
{[%clk 0:08:10]} 39. Bd4 {[%clk 0:00:34]} Ra8 {[%clk 0:08:09]} 40. Rh2
{[%clk 0:00:41]} Nf8 {[%clk 0:07:16]} 41. Re2 {[%clk 0:01:08]} Kf7
{[%clk 0:07:05]} 42. Bd3 {[%clk 0:01:21]} Ra5 {[%clk 0:06:27]} 43. Bc4
{[%clk 0:01:38]} Nd7 {[%clk 0:05:47]} 44. Rh2 {[%clk 0:01:35]} Kg8
{[%clk 0:05:15]} 45. Re2 {[%clk 0:02:00]} Kf7 {[%clk 0:05:22]} 46. Bf2
{[%clk 0:02:20]} Kf8 {[%clk 0:04:00]} 47. Be1 {[%clk 0:02:49]} Nb6
{[%clk 0:03:54]} 48. Rd2 {[%clk 0:03:02]} Nxc4 {[%clk 0:03:59]} 49. bxc4
{[%clk 0:03:31]} Ra3 {[%clk 0:03:38]} 50. Rc2 {[%clk 0:03:57]} Re3
{[%clk 0:03:40]} 51. Bg3 {[%clk 0:01:56]} Bc5 {[%clk 0:03:48]} 52. Bf2
{[%clk 0:02:04]} Ke8 0-1

[Event "Open C"]
[Site "Polanica-Zdroj"]
[Date "2017.08.26"]
[Round "8.11"]
[White "Szylko, Waldemar"]
[Black "Chmielewski, Miroslaw"]
[Result "1-0"]
[BlackElo "1660"]
[WhiteElo "1989"]
[LiveChessVersion "1.4.8"]

1. e4 c5 2. Nc3 Nc6 3. g3 g6 4. d3 Bg7 5. Be3 d6 6. Bg2 Rb8 7. Qd2 b5 8. h4 b4 9.
Nd1 a5 10. h5 gxh5 11. Ne2 Ne5 12. f3 Ng6 13. Rxh5 a4 14. Rb1 e6 15. Nf2 Nf6 16.
Rh1 Ng8 17. Nh3 Qc7 18. Kf2 e5 19. f4 exf4 20. Nhxf4 Nf6 21. Kf1 Ng4 22. Nd5
Nxe3+ 23. Qxe3 Qd8 24. Bf3 O-O 25. Kg2 f5 26. Rh2 Ne5 27. Rbh1 Ng4 28. Bxg4 fxg4
29. Rxh7 Rf3 30. Rxg7+ Kxg7 31. Qh6+ Kf7 32. Qh5+ 1-0